Mutiara di kaki zaman

Bibliographic Details
Main Author: Zulkifilee Yazid (Author)
Format: Book
Language:Malay
Published: Selangor : Darul Iman 2000
Subjects:

MARC

LEADER 00000cam a2200000 7i4500
001 0000011368
005 20241011.0
008 030819 my may
020 |a 9832149061 
040 |a INS   |b eng   |e rda 
090 0 0 |a BP174   |b .Z84 2000 
100 0 |a Zulkifilee Yazid ,   |e author 
245 1 0 |a Mutiara di kaki zaman   |c Zulkifilee Yazid 
264 1 |a Selangor :   |b Darul Iman   |c 2000 
300 |a vii, 144 pages ;   |c 22 cm. 
336 |a text  |2 rdacontent 
337 |a unmediated  |2 rdamedia 
338 |a volume  |2 rdacarrier 
650 0 |a Religious life   |x Islam   |y Islam   |z Customs and practices 
999 |a 0000010122   |b BOOK   |c Open Shelf   |e Default branch